ბათუმის შოთა რუსთაველის სახელმწიფო უნივერსიტეტის ბიბლიოთეკა

Электротехника. (ბიბ.ჩანაწერი № 41166)

000 -LEADER
fixed length control field 00594nam a2200229Ia 4500
001 - CONTROL NUMBER
control field 7816
003 - CONTROL NUMBER IDENTIFIER
control field GE_BSU
008 - FIXED-LENGTH DATA ELEMENTS--GENERAL INFORMATION
fixed length control field 181216s||||||||xx |||||||||||||| ||und||
040 ## - CATALOGING SOURCE
Transcribing agency GE_BSU
080 ## - UNIVERSAL DECIMAL CLASSIFICATION NUMBER
Universal Decimal Classification number 621.3(075.8)
100 ## - MAIN ENTRY--PERSONAL NAME
Personal name Касаткин,А.С.
245 ## - TITLE STATEMENT
Title Электротехника.
245 ## - TITLE STATEMENT
Remainder of title Учеб. для вузов.
245 ## - TITLE STATEMENT
Statement of responsibility, etc. Ред.В.И.Мучкина.
250 ## - EDITION STATEMENT
Edition statement Изд. второе.
260 ## - PUBLICATION, DISTRIBUTION, ETC.
Place of publication, distribution, etc. М.
260 ## - PUBLICATION, DISTRIBUTION, ETC.
Name of publisher, distributor, etc. Энергия.
260 ## - PUBLICATION, DISTRIBUTION, ETC.
Date of publication, distribution, etc. 1969.
300 ## - PHYSICAL DESCRIPTION
Extent 592стр.22см.с илл.
653 ## - INDEX TERM--UNCONTROLLED
Uncontrolled term Электротехника.
942 ## - ADDED ENTRY ELEMENTS (KOHA)
Koha item type წიგნი
ეგზემპლარები
Withdrawn status Lost status Damaged status Not for loan Date acquired Barcode Date last seen Price effective from Koha item type
        2018-12-17 10693 2018-12-17 2018-12-17 წიგნი
        2018-12-17 10694 2018-12-17 2018-12-17 წიგნი
        2018-12-17 10695 2018-12-17 2018-12-17 წიგნი